000 00968nam a22002657a 4500
005 20151020115823.0
010 _aENG-114018
020 _c650.00
_a9789350864883
035 _aEN-97550
037 _bDBAD/PUB
082 _a751.73095433
100 _aNambirajan, M.
245 _aKerala murals /
_cby M.Nambirajan [and] S. Suresh
260 _aNew Delhi
_bArchaeological Survey of India
_c2015
270 _aJanpath
_bNew Delhi
_e 110001
300 _a300p.:
_c27cm(Hb)
_bcol. ill.,map(col.)
500 _a Includes bibliographical references (page 298).
650 _aHindu mural painting and decoration
_zIndia
_zKerala
_vCatalogs.
650 _a Mural painting and decoration, Indic
_zIndia
_zKerala
_vCatalogs.
650 _a Hindu temples
_zIndia
_zKerala.
650 _aSiva (Hindu deity)
_vArt
_vCatalogs.
700 _aSuresh, S.
710 _a Archæological Survey of India,
_eissuing body.
942 _2ddc
_cEN
_mNAM
_h751.73095433
999 _c96803
_d96803